[Event "AUTO-ADV-2914"]
[Site "http://www.queenalice.com/game.php?id=1252737"]
[Date "2014.1.31"]
[Round "2"]
[White "Champignac"]
[Black "robsoncxi"]
[Result "0-1"]
[WhiteElo "1860"]
[BlackElo "2135"]

1. c4 e5 2. Nc3 Nf6 3. g3 Nc6 4. Bg2 Bc5 5. e3 d6 6. Bxc6+ bxc6 7. b3 Bb7 8. d4
exd4 9. Na4 Bb4+ 10. Bd2 Bxd2+ 11. Qxd2 c5 12. f3 Qe7 13. e4 Nxe4 14. Qe2 Ng5
15. Qxe7+ Kxe7 16. O-O-O Rhe8 17. h4 Nxf3 18. Nxf3 Bxf3 19. Rde1+ Kd7 20. Rhf1
Rxe1+ 21. Rxe1 Re8 22. Rxe8 Kxe8 23. Nb2 Be2 24. Kd2 d3 25. Nxd3 Bxd3 26. Kxd3
Ke7 27. Ke4 Ke6 28. g4 c6 29. a3 a5 30. a4 d5+ 31. cxd5+ cxd5+ 32. Kf4 c4 33.
bxc4 dxc4 34. Ke4 g6 35. g5 f5+ 0-1

[Event "AUTO-ADV-2914"]
[Site "http://www.queenalice.com/game.php?id=1252738"]
[Date "2014.1.31"]
[Round "2"]
[White "robsoncxi"]
[Black "Champignac"]
[Result "1-0"]
[WhiteElo "2139"]
[BlackElo "1855"]

1. e4 e5 2. Nc3 Nf6 3. f4 d6 4. Nf3 exf4 5. d4 Nc6 6. Bxf4 Bg4 7. Bb5 Be7 8. d5
a6 9. Ba4 b5 10. Nxb5 axb5 11. Bxb5 O-O 12. Bxc6 Nxe4 13. Bxa8 Qxa8 14. Qd4 Nc5
15. Bh6 Bf6 16. Qxg4 Bxb2 17. Rc1 Re8+ 18. Kf1 g6 19. Re1 Qa6+ 20. Kf2 Ra8 21.
h4 Qb6 22. Kf1 Qb5+ 23. c4 Qb4 24. h5 Qa3 25. hxg6 Qd3+ 26. Kg1 Qxg6 27. Qxg6+
fxg6 28. Kh2 Nd3 29. Re3 Nf2 30. Re2 Ng4+ 31. Kg1 Nxh6 32. Rxh6 Bc1 33. Rh4 Ba3
34. Ng5 h5 35. Re7 Bc5+ 36. Kh1 Rxa2 37. Re8+ Kg7 38. Rhe4 1-0

[Event "AUTO-ADV-2914"]
[Site "http://www.queenalice.com/game.php?id=1252739"]
[Date "2014.1.31"]
[Round "2"]
[White "vindaloo"]
[Black "robsoncxi"]
[Result "1-0"]
[WhiteElo "1849"]
[BlackElo "2145"]

1. e4 c5 2. Nf3 d6 3. Bc4 Nf6 4. Ng5 e6 5. O-O Be7 6. Nc3 O-O 7. f4 Qb6 8. Kh1
h6 9. Nf3 d5 10. exd5 exd5 11. Nxd5 Nxd5 12. Bxd5 Bg4 13. d4 cxd4 14. Qxd4 Bxf3
15. Qxb6 Bxg2+ 16. Bxg2 axb6 17. Bxb7 Ra7 18. Bg2 Rc7 19. c3 Rd8 20. Be3 Bc5 21.
Bc1 Rcd7 22. Bf3 Rd6 23. b4 Bxb4 24. cxb4 Rd4 25. a3 Nd7 26. Ra2 Nf6 27. Be3
R4d6 28. a4 Rb8 29. f5 Nd5 30. Bxd5 Rxd5 31. Rd2 Re5 32. Bf4 1-0

[Event "AUTO-ADV-2914"]
[Site "http://www.queenalice.com/game.php?id=1252740"]
[Date "2014.1.31"]
[Round "2"]
[White "robsoncxi"]
[Black "vindaloo"]
[Result "1/2-1/2"]
[WhiteElo "2124"]
[BlackElo "1911"]

1. e4 c5 2. Nf3 Nc6 3. Bc4 e6 4. Nc3 a6 5. a3 d6 6. d3 Nf6 7. Bg5 Be7 8. Qd2 h6
9. Bh4 O-O 10. h3 Nh5 11. Bxe7 Qxe7 12. g4 Nf6 13. g5 hxg5 14. Qxg5 b5 15. Bb3
Na5 16. Rg1 g6 17. e5 dxe5 18. Nxe5 Nd5 19. Bxd5 Qxg5 20. Rxg5 exd5 21. Nxd5
Bxh3 22. Nf6+ Kg7 23. Neg4 c4 24. O-O-O cxd3 25. Rxd3 Bf1 26. Rd1 Bc4 27. Rh1
Rh8 28. Re1 Be6 29. Rc5 Rh4 30. f3 Nb7 31. Rc7 Nd8 32. Rg1 Bf5 33. Ne4 Rc8 34.
Ra7 Rc6 35. Ne5 Re6 36. Nd3 Bxe4 37. fxe4 Rexe4 38. Rxa6 Re7 39. Rb6 Rh5 40. b3
Ne6 41. Re1 Kf6 42. Nf4 Rf5 43. Nxe6 Rxe6 44. Rexe6+ fxe6 45. a4 bxa4 46. bxa4
g5 47. Kd2 g4 48. Rb1 1/2-1/2

[Event "AUTO-MASTER-1966"]
[Site "http://www.queenalice.com/game.php?id=1257395"]
[Date "2014.2.17"]
[Round "2"]
[White "Constante"]
[Black "robsoncxi"]
[Result "1-0"]
[WhiteElo "2181"]
[BlackElo "2116"]

1. e4 c5 2. Nf3 d6 3. d4 cxd4 4. Nxd4 Nf6 5. Nc3 g6 6. Be3 Bg7 7. f3 Nc6 8. Qd2
Bd7 9. O-O-O a6 10. Bc4 b5 11. Bb3 Rc8 12. Nxc6 Rxc6 13. Nd5 Nxd5 14. Bxd5 Rc8
15. Bh6 O-O 16. Bxg7 Kxg7 17. h4 Qc7 18. h5 Rh8 19. Rh2 a5 20. Qd4+ e5 21. Qd2
b4 22. Rdh1 Ba4 23. Bb3 Bxb3 24. axb3 h6 25. hxg6 fxg6 26. Rxh6 Qxc2+ 27. Qxc2
Rxc2+ 28. Kxc2 Rxh6 29. Rxh6 Kxh6 30. Kd3 Kg5 31. Kc4 Kf4 32. Kd5 Kg3 33. Kxd6
Kxg2 34. Kxe5 Kxf3 35. Kd5 g5 36. e5 g4 37. e6 g3 38. e7 g2 39. e8=Q g1=Q 40.
Qe4+ 1-0

[Event "AUTO-MASTER-1966"]
[Site "http://www.queenalice.com/game.php?id=1257396"]
[Date "2014.2.17"]
[Round "2"]
[White "robsoncxi"]
[Black "Constante"]
[Result "1-0"]
[WhiteElo "2089"]
[BlackElo "2180"]

1. e4 c5 2. Nf3 d6 3. Bc4 Nc6 4. d3 g6 5. Nc3 e6 6. Be3 Bg7 7. O-O Nge7 8. a3 a6
9. Rb1 Qc7 10. Qd2 b5 11. Ba2 Qa5 12. Ne2 b4 13. Bb3 Bb7 14. Bh6 O-O 15. Bxg7
Kxg7 16. axb4 Qxb4 17. Qxb4 cxb4 18. Nf4 e5 19. Nd5 Nxd5 20. Bxd5 Nd8 21. Bxb7
Nxb7 22. Nd2 Rac8 23. Nc4 f5 24. f3 f4 25. Ra1 Rc6 26. Ra2 Kf6 27. Rfa1 Ra8 28.
Ra4 b3 29. cxb3 Nc5 30. Rb4 Nxd3 31. Rb6 Rxb6 32. Nxb6 Ra7 33. Rd1 Nc5 34. Rxd6+
Ne6 35. Rd7 Rxd7 36. Nxd7+ Ke7 37. Nxe5 Kd6 38. Nd3 Kc6 39. Kf2 g5 40. g3 h6 41.
gxf4 gxf4 42. Ke2 Nd4+ 43. Kf2 Ne6 44. h4 h5 45. Ke1 Kd6 46. Kd2 1-0

[Event "AUTO-MASTER-1791"]
[Site "http://www.queenalice.com/game.php?id=1273275"]
[Date "2014.4.14"]
[Round "2"]
[White "krystek23"]
[Black "robsoncxi"]
[Result "1-0"]
[WhiteElo "2251"]
[BlackElo "2146"]

1. c4 e5 2. Nc3 Nf6 3. g3 Nc6 4. Bg2 Bc5 5. e3 d6 6. h3 Be6 7. d3 Qd7 8. a3 a6
9. Nge2 Rd8 10. d4 exd4 11. exd4 Bb6 12. d5 Bf5 13. dxc6 1-0

[Event "AUTO-MASTER-1791"]
[Site "http://www.queenalice.com/game.php?id=1273276"]
[Date "2014.4.14"]
[Round "2"]
[White "robsoncxi"]
[Black "krystek23"]
[Result "0-1"]
[WhiteElo "2107"]
[BlackElo "2268"]

1. e4 c5 2. Nf3 e6 3. d4 cxd4 4. Nxd4 Nc6 5. Be3 d6 6. Nc3 Nf6 7. f3 e5 8. Ndb5
a6 9. Na3 b5 10. Nd5 Nxd5 11. Qxd5 Qc7 12. O-O-O Be6 13. Qd2 Bxa2 14. Nb1 Be6
15. Nc3 Qb7 16. Nd5 Rc8 17. f4 Rd8 18. Be2 Be7 19. f5 Bxd5 20. Qxd5 Rc8 21. Rhf1
O-O 22. g4 Qb8 23. Qb3 Na5 24. Qa3 Qc7 25. Rd2 d5 26. Qa2 d4 27. Bf2 Bb4 0-1

[Event "toomchess"]
[Site "http://www.queenalice.com/game.php?id=1279399"]
[Date "2014.5.6"]
[Round "1"]
[White "robsoncxi"]
[Black "DenianCXI"]
[Result "1/2-1/2"]
[WhiteElo "2142"]
[BlackElo "2287"]

1. e4 c5 2. Nf3 g6 3. Bc4 Bg7 4. Nc3 Nc6 5. d3 e6 6. Bg5 Nge7 7. Qd2 Na5 8. Bb3
Qc7 9. Bf4 Qb6 10. Na4 Qb4 11. c3 Qb5 12. Bc2 b6 13. c4 Qb4 14. O-O Qxd2 15.
Bxd2 Nac6 16. Nc3 a6 17. Bf4 d5 18. Na4 b5 19. cxb5 axb5 20. Nxc5 Bxb2 21. Rab1
Bg7 22. Rxb5 Rxa2 23. Bb3 Ra5 24. Ba4 O-O 25. Rxa5 Nxa5 26. Rb1 e5 27. Bxe5 Bxe5
28. Nxe5 dxe4 29. dxe4 Rd8 30. Rb8 Nac6 31. Nxc6 Nxc6 32. Ra8 Bb7 33. Rxd8+ Nxd8
34. Nxb7 Nxb7 35. f3 g5 36. Kf2 f6 37. Bc6 Nd6 38. Ke3 Kf7 39. g3 h6 40. f4 Nc8
41. e5 gxf4+ 42. gxf4 fxe5 43. fxe5 Ke6 44. Kd4 Ne7 45. Be4 Kf7 46. Bd5+ Kg6 47.
e6 Kf6 48. Ba2 1/2-1/2

[Event "toomchess"]
[Site "http://www.queenalice.com/game.php?id=1288882"]
[Date "2014.6.17"]
[Round "2"]
[White "novoselic"]
[Black "robsoncxi"]
[Result "0-1"]
[WhiteElo "2033"]
[BlackElo "2103"]

1. Nf3 c5 2. e4 d6 3. d4 cxd4 4. Nxd4 Nf6 5. Nc3 g6 6. Bc4 Bg7 7. Be3 O-O 8. f3
Nc6 9. Qd2 Bd7 10. O-O-O b5 11. Bb3 b4 12. Nd5 a5 13. Nxc6 Bxc6 14. Bd4 Nxd5 15.
Bxd5 Rc8 16. Bxg7 Kxg7 17. h4 Qc7 18. Kb1 Bxd5 19. exd5 a4 20. h5 Kg8 21. hxg6
fxg6 22. Rh4 b3 23. axb3 axb3 24. cxb3 Qd7 25. Re4 Rc7 26. Rc1 Rxc1+ 27. Qxc1
Rc8 28. Rc4 Rb8 29. Qc2 Qb7 30. Qe4 Qxb3 31. Qe6+ Kh8 32. Rc8+ Rxc8 33. Qxc8+
Kg7 34. Qc3+ Qxc3 35. bxc3 Kf6 36. Kc2 Ke5 37. c4 Kd4 38. Kb3 Ke3 39. Kb4 Kf2
40. Kb5 Kxg2 41. Kc6 h5 42. Kd7 h4 43. Kxe7 h3 44. Kxd6 h2 45. Kc7 h1=Q 46. d6
Qc1 47. d7 Qxc4+ 48. Kb8 Qd5 49. Kc7 Kxf3 0-1

[Event "AUTO-MASTER-2107"]
[Site "http://www.queenalice.com/game.php?id=1289242"]
[Date "2014.6.19"]
[Round "1"]
[White "Zagrid"]
[Black "robsoncxi"]
[Result "1-0"]
[WhiteElo "2212"]
[BlackElo "2106"]

1. c4 Nf6 2. Nf3 e6 3. g3 c6 4. Bg2 d5 5. Qc2 Nbd7 6. O-O Bd6 7. d4 O-O 8. Nbd2
dxc4 9. Nxc4 Bc7 10. e4 b5 11. Nce5 Nxe5 12. dxe5 Ng4 13. Bf4 Bb7 14. h3 Nh6 15.
Rad1 Qe7 16. Bg5 Qe8 17. Be3 Qe7 18. Bc5 Qe8 19. g4 Kh8 20. Bxf8 Qxf8 21. Rd7
Rc8 22. b4 Ba8 23. Qc5 1-0

[Event "AUTO-MASTER-2107"]
[Site "http://www.queenalice.com/game.php?id=1289258"]
[Date "2014.6.19"]
[Round "1"]
[White "umuaramaakira"]
[Black "robsoncxi"]
[Result "1-0"]
[WhiteElo "2275"]
[BlackElo "2123"]

1. d4 d5 2. c4 c6 3. Nc3 Bf5 4. Qb3 Qd7 5. cxd5 Nf6 6. Nf3 cxd5 7. Ne5 Qc8 8. e4
Bxe4 9. Nxe4 Nxe4 10. Bb5+ Nc6 11. Qxd5 Nf6 12. Qxf7+ Kd8 13. O-O a6 14. Bxc6
bxc6 15. Bd2 e6 16. Ba5+ 1-0

[Event "AUTO-MASTER-2107"]
[Site "http://www.queenalice.com/game.php?id=1289259"]
[Date "2014.6.19"]
[Round "1"]
[White "robsoncxi"]
[Black "umuaramaakira"]
[Result "1/2-1/2"]
[WhiteElo "2096"]
[BlackElo "2290"]

1. e4 c5 2. Nf3 d6 3. d4 cxd4 4. Nxd4 Nf6 5. Nc3 a6 6. Bg5 e5 7. Nb3 Be7 8. Qd2
O-O 9. Be2 Nc6 10. O-O-O Ne8 11. h4 b5 12. Nd5 Be6 13. Nxe7+ Nxe7 14. h5 f6 15.
Be3 d5 16. exd5 Nxd5 17. Nc5 Bf7 18. Bg4 Nec7 19. Nb7 Qb8 20. Nd6 Nxe3 21. Qxe3
Qa7 22. Qxa7 Rxa7 23. Nxf7 Rxf7 24. Rd8+ Rf8 25. Rd7 f5 26. Be2 Rf7 27. Rd8+ Rf8
28. Rd7 Rf7 29. Rd8+ Rf8 30. Rd7 1/2-1/2

[Event "AUTO-MASTER-2107"]
[Site "http://www.queenalice.com/game.php?id=1289268"]
[Date "2014.6.19"]
[Round "1"]
[White "artegasparphb"]
[Black "robsoncxi"]
[Result "1-0"]
[WhiteElo "2152"]
[BlackElo "2102"]

1. e4 c5 2. Nf3 d6 3. Bc4 Nf6 4. Nc3 g6 5. Ng5 e6 6. O-O Bg7 7. Be2 h6 8. Nf3
O-O 9. d4 cxd4 10. Nxd4 Bd7 11. Ndb5 Bxb5 12. Bxb5 a6 13. Bd3 Nc6 14. a3 Qc7 15.
Be3 Ne5 16. Be2 Nc4 17. Bxc4 Qxc4 18. Qxd6 Nxe4 19. Nxe4 Qxe4 20. c3 Rfd8 21.
Qb6 Rd7 22. Rad1 Rad8 23. Rde1 Qd3 24. h3 Qd6 25. Qb3 b5 26. Qc2 Qd3 27. Qc1 Kh7
28. Bb6 Rb8 29. Rd1 1-0

[Event "AUTO-MASTER-2107"]
[Site "http://www.queenalice.com/game.php?id=1289269"]
[Date "2014.6.19"]
[Round "1"]
[White "robsoncxi"]
[Black "artegasparphb"]
[Result "0-1"]
[WhiteElo "2113"]
[BlackElo "2141"]

1. e4 e5 2. Nc3 Nf6 3. f4 exf4 4. e5 Ng8 5. Nf3 d6 6. d4 dxe5 7. dxe5 Bb4 8.
Bxf4 Bxc3+ 9. bxc3 Be6 10. Bb5+ c6 11. Ba4 Qa5 12. Bb3 Bxb3 13. cxb3 Qxc3+ 14.
Bd2 Qd3 15. Qe2 Qxe2+ 16. Kxe2 Nd7 17. Rhf1 O-O-O 18. Bf4 Ne7 19. Rad1 Nd5 20.
Bd2 Rhe8 21. Kf2 Nxe5 22. Nxe5 Rxe5 23. Kg1 f6 24. Bc1 Re2 25. Rf2 Nc3 26. Rxd8+
Kxd8 27. Kf1 Rxf2+ 28. Kxf2 Nxa2 0-1

[Event "toomchess"]
[Site "http://www.queenalice.com/game.php?id=1303152"]
[Date "2014.8.21"]
[Round "3"]
[White "robsoncxi"]
[Black "Lucascg"]
[Result "0-1"]
[WhiteElo "2040"]
[BlackElo "2203"]

1. e4 d6 2. d4 Nf6 3. Nc3 g6 4. Nf3 Bg7 5. Bc4 O-O 6. Bg5 c6 7. O-O b5 8. Bb3 b4
9. Ne2 Nxe4 10. Bh4 Ba6 11. Re1 Nd7 12. Ng3 Nxg3 13. Bxe7 Ne2+ 14. Rxe2 Bxe2 15.
Qxe2 Re8 16. Bxd8 Rxe2 17. Ba5 c5 18. dxc5 dxc5 19. Bc7 h6 20. Rb1 Nb6 21. c3
bxc3 22. bxc3 Bxc3 23. Kf1 Rb2 0-1

[Event "AUTO-MASTER-1966"]
[Site "http://www.queenalice.com/game.php?id=1304098"]
[Date "2014.8.26"]
[Round "3"]
[White "robsoncxi"]
[Black "KLEOJ"]
[Result "0-1"]
[WhiteElo "2031"]
[BlackElo "2216"]

1. d4 Nc6 2. e4 d5 3. e5 Bf5 4. Nf3 e6 5. Nc3 Nb4 6. Bd3 Nxd3+ 7. cxd3 Ne7 8.
Bg5 Qd7 9. O-O h6 10. Bh4 g5 11. Bg3 Ng6 12. Rc1 Be7 13. Qa4 c6 14. b4 Bxd3 15.
Rfd1 Bc4 16. Nd2 b5 17. Qc2 Bxb4 18. Nxc4 bxc4 19. Qa4 a5 0-1

[Event "AUTO-MASTER-1966"]
[Site "http://www.queenalice.com/game.php?id=1304099"]
[Date "2014.8.26"]
[Round "3"]
[White "KLEOJ"]
[Black "robsoncxi"]
[Result "1-0"]
[WhiteElo "2207"]
[BlackElo "2100"]

1. Nc3 d5 2. e4 d4 3. Nce2 e5 4. Ng3 c5 5. Nf3 Bd6 6. Bc4 Nf6 7. O-O O-O 8. d3
Nc6 9. a3 Nd7 10. Ng5 h6 11. Nf3 Nb6 12. Ba2 Kh8 13. Qe2 f5 14. exf5 Ne7 15. Nh4
Nxf5 16. Ng6+ Kh7 17. Nxf8+ Qxf8 18. Qe4 Kh8 19. Bd2 1-0

[Event "AUTO-MASTER-1966"]
[Site "http://www.queenalice.com/game.php?id=1304100"]
[Date "2014.8.26"]
[Round "3"]
[White "robsoncxi"]
[Black "ocbruno"]
[Result "0-1"]
[WhiteElo "2088"]
[BlackElo "2007"]

1. e4 e5 2. Nc3 Nf6 3. f4 d5 4. fxe5 Nxe4 5. Nf3 Bc5 6. d4 Bb4 7. Bd2 Bg4 8. Bd3
Nxd2 9. Qxd2 Bxf3 10. gxf3 Bxc3 11. bxc3 Qh4+ 12. Qf2 Qe7 13. c4 dxc4 14. Be4 c6
15. f4 Nd7 16. d5 cxd5 17. Bxd5 Qb4+ 0-1

[Event "AUTO-MASTER-1966"]
[Site "http://www.queenalice.com/game.php?id=1304101"]
[Date "2014.8.26"]
[Round "3"]
[White "ocbruno"]
[Black "robsoncxi"]
[Result "1-0"]
[WhiteElo "2026"]
[BlackElo "2069"]

1. e4 c5 2. Nf3 d6 3. c3 Nf6 4. Qc2 g6 5. d4 cxd4 6. cxd4 Bg7 7. Bc4 O-O 8. Nc3
Bd7 9. Qb3 Nc6 10. a4 Na5 11. Qa2 Nxc4 12. Qxc4 Rc8 13. Qb3 Qc7 14. O-O a6 15.
Bf4 Nh5 16. Be3 Kh8 17. Ng5 e6 18. Rac1 Qd8 19. d5 1-0